• 首页
  • 本馆介绍
  • 公告通知
  • 最新文献
  • 馆藏检索
  • 电子资源
  • 读者导购
  • 参考咨询
  • 我的图书馆
  • 登录
  • 详细信息显示
  • 放入我的书架
  • 预约/预借图书
  • 作者相关作品
  • 分类相关作品
  • 丛书相关作品
  • 出版社相关作品

书目信息

  • 表格格式
  • 工作单格式
  • 卡片格式
题名:
教师心理
    
 
作者: 晋劲敏 编写
分册:  
出版信息: 北京   北京师范学院出版社  1987
页数: 141页
开本: 19cm
丛书名:
单 册:
中图分类: G443 , B84
科图分类:
主题词: 教师心理学 , 心理学
电子资源:
ISBN: 7-81014-064-7
000 00600nam0 2200241 45
001 1254011000
005 20120928150324.20
010    @a7-81014-064-7@dCNY0.90
100    @a19951122d1987 em y0chiy0121 ea
101 0  @achi
102    @aCN@b110000
105    @ay z 000yy
200 10 @a教师心理@Ajiao shi xin li@f晋劲敏等编写
210    @a北京@c北京师范学院出版社@d1987
215    @a141页@d19cm
606 0  @a教师心理学
606 0  @a心理学
690    @aG443@v3
690    @aB84@v4
701  0 @a晋劲敏@4编写@Ajin jin min
801  0 @aCN@bTSSF
801  2 @aCN@bNLC
905    @a10447@dB84@eJY72
    
    教师心理/晋劲敏等编写.-北京:北京师范学院出版社,1987
    141页;19cm
    
    
    ISBN 7-81014-064-7:CNY0.90
    
●
相关链接 在E读中查询图书 在五车中查询图书 在当当中查询图书 在豆瓣中查询图书


正题名:教师心理     索取号:B84/JY72         预约/预借

序号 登录号 条形码 馆藏地/架位号 状态 备注
1 7830237   278302374   学院路分馆/ [索取号:B84/JY72] 在馆    
2 7830238   278302383   学院路分馆/ [索取号:B84/JY72] 在馆    
唐山师范学院图书馆 欢迎您!
大连网信软件有限公司© 版权所有